| 000 | 00611nam a2200277Ia 4500 | ||
|---|---|---|---|
| 001 | 2029 | ||
| 008 | 191123s9999 xx 000 0 und d | ||
| 041 | _aspa | ||
| 044 | _aag | ||
| 245 | 0 | _aRostros de Buenos Aires. | |
| 260 |
_aBuenos Aires : _bMunicipalidad, _c1978. |
||
| 300 | _a181 p. | ||
| 650 | _aARGENTINA | ||
| 650 | _aARQUITECTURA | ||
| 650 | _aBUENOS AIRES | ||
| 650 | _aFOTOGRAFIAS | ||
| 650 | _aPERSONAJES TIPICOS | ||
| 902 | _aM | ||
| 903 | _am | ||
| 904 | _am | ||
| 907 | _aImpreso | ||
| 911 | _afotos color y b/n; 23 cm. | ||
| 912 | _a1978 | ||
| 942 | _cLIBRO | ||
| 999 |
_c1727 _d1727 |
||